• 首页
  • 本馆介绍
  • 公告通知
  • 最新文献
  • 馆藏检索
  • 电子资源
  • 读者导购
  • 参考咨询
  • 我的图书馆
  • 登录
  • 详细信息显示
  • 放入我的书架
  • 预约/预借图书
  • 作者相关作品
  • 分类相关作品
  • 丛书相关作品
  • 出版社相关作品

书目信息

  • 表格格式
  • 工作单格式
  • 卡片格式
题名:
卢梭的苏格拉底主义
    
 
作者: 刘小枫 , 陈少明 主编
分册:  
出版信息: 北京   华夏出版社  2005
页数: 323页
开本: 23cm
丛书名: 经典与解释
单 册:
中图分类: B565.26
科图分类:
主题词: 卢梭.J.J.(1712~1778)--哲学思想--研究
电子资源:
ISBN: 7-5080-3718-9
000 01318nam0 2200349 450
000 01281nam0 2200337 450
000 01251nam0 2200337 450
000 01197nam0 2200313 450
000 01226nam0 2200301 450
000 01189nam0 2200289 45
001 TS2006024983
005 20061211093502.93
010    @a7-5080-3718-9@dCNY36.00
100    @a20060829d2005 em y0chiy0120 ea
101 1  @achi@cmul
102    @aCN@b110000
105    @ay z 000yy
200 1  @a卢梭的苏格拉底主义@ALu Suo De Su Ge La Di Zhu Yi@f刘小枫,陈少明主编@FLiu Xiao Feng, Chen Shao Ming Zhu Bian
210    @a北京@c华夏出版社@d2005
215    @a323页@d23cm
225 2  @a经典与解释@v6
330    @a本书分“古典传统与自由教育”、“古典作品研究”、“思想史发微”、“古文今刊”、“书评”五部分专题,共收录了十余篇论文。即《什么是自由教育》、《施特劳斯在芝加哥大学》等。
410  0 @12001 @a经典与解释
510 1  @aClassic & Interpretation@zeng
606 0  @a卢梭.J.J.(1712~1778)@x哲学思想@x研究
690    @aB565.26@v4
701  0 @a刘小枫@ALiu Xiao Feng@c(哲学)@4主编
701  0 @a陈少明@AChen Shao Ming@f(1958~)@4主编
801  0 @aCN@b中图数据@c20061211
905    @a10447@dB565.26@e43
    
    卢梭的苏格拉底主义/刘小枫,陈少明主编.-北京:华夏出版社,2005
    323页;23cm.-(经典与解释;6)
    
    
    ISBN 7-5080-3718-9:CNY36.00
    本书分“古典传统与自由教育”、“古典作品研究”、“思想史发微”、“古文今刊”、“书评”五部分专题,共收录了十余篇论文。即《什么是自由教育》、《施特劳斯在芝加哥大学》等。
●
相关链接 在E读中查询图书 在五车中查询图书 在当当中查询图书 在豆瓣中查询图书


正题名:卢梭的苏格拉底主义     索取号:B565.26/43         预约/预借

序号 登录号 条形码 馆藏地/架位号 状态 备注
1 0602888   206028886   第一样本阅览室/ [索取号:B565.26/43] 在馆    
2 0602889   206028895   第一借阅区/ [索取号:B565.26/43] 在馆    
3 0602890   206028902   第一借阅区/ [索取号:B565.26/43] 在馆    
4 0602891   206028911   第一借阅区/ [索取号:B565.26/43] 在馆    
5 0602892   206028920   第一借阅区/ [索取号:B565.26/43] 在馆    
6 0602893   206028939   第一借阅区/ [索取号:B565.26/43] 在馆    
唐山师范学院图书馆 欢迎您!
大连网信软件有限公司© 版权所有